[Event "Groningen"]
[Site "?"]
[Date "1993.??.??"]
[Round "?"]
[White "Piket, Je"]
[Black "Hodgson, Ju"]
[Result "1-0"]
[WhiteElo "2590"]
[BlackElo "2625"]
[PlyCount "82"]
[EventDate "1993.??.??"]
[Source "ChessBase"]
[SourceDate "1993.10.01"]

1. d4 Nf6 2. c4 c5 3. d5 b5 4. cxb5 a6 5. f3 axb5 6. e4 Qa5+ 7. Bd2 b4 8. Na3 d6 9. Nc4 Qa7 10. Bd3 g6 11. Ne2 Bg7 12. O-O Nfd7 13. Qc1 Ba6 14. a3 O-O 15. Kh1 Bxc4 16. Bxc4 Nb6 17. Bb5 bxa3 18. Rxa3 Qb7 19. Rb3 Qc8 20. Bh6 Bxh6 21. Qxh6 c4 22. Rc3 Ra5 23. f4 Rxb5 24. Rh3 Qxh3 25. gxh3 Nxd5 26. exd5 Rxd5 27. f5 Nd7 28. fxg6 fxg6 29. Rxf8+ Nxf8 30. Qh4 Rc5 31. Nc3 Kf7 32. Ne4 Rf5 33. Ng5+ Ke8 34. Qh6 Kd7 35. Nxh7 Ne6 36. Kg1 Nf4 37. Nf8+ Kc7 38. Qxf4 Rxf4 39. Ne6+ Kd7 40. Nxf4 e5 41. Nxg6 Ke6 1-0

[Event "Calviá ol (Men)"]
[Site "Mallorca"]
[Date "2004.10.23"]
[Round "8.14"]
[White "Graf, Alexander"]
[Black "Felgaer, Ruben"]
[Result "1-0"]
[WhiteElo "2646"]
[BlackElo "2569"]
[PlyCount "59"]
[EventDate "2004.10.15"]
[Source "Roberto Alvarez"]
[SourceDate "2004.10.25"]

1. d4 Nf6 2. c4 c5 3. d5 b5 4. cxb5 a6 5. e3 Bb7 6. Nc3 Qa5 7. Bd2 axb5 8. Bxb5 Qb6 9. Qf3 e6 10. e4 exd5 11. exd5 Nxd5 12. Nxd5 Qe6+ 13. Ne2 Bxd5 14. Qg3 Bd6 15. Qxg7 Be5 16. Qg5 h6 17. Qe3 Bxb2 18. Rb1 Bd4 19. Qg3 Kf8 20. O-O Be5 21. Nf4 Qd6 22. Rfe1 Rg8 23. Rxe5 Rxg3 24. Rxd5 Rxg2+ 25. Kxg2 Qf6 26. Be3 Nc6 27. Bxc6 dxc6 28. Rxc5 Ra4 29. Rb8+ Ke7 30. Nd5+ 1-0

[Event "4th Open A"]
[Site "Moscow RUS"]
[Date "2008.02.07"]
[Round "6"]
[White "Korobov, A."]
[Black "Tregubov, P."]
[Result "1/2-1/2"]
[WhiteElo "2573"]
[BlackElo "2636"]
[PlyCount "138"]
[EventDate "2008.02.02"]
[Source "www.chesslib.no"]
[SourceDate "2004.05.04"]

1. d4 Nf6 2. c4 c5 3. d5 b5 4. cxb5 a6 5. e3 g6 6. Nc3 Bg7 7. Nf3 O-O 8. Be2 Bb7 9. O-O axb5 10. Bxb5 e6 11. e4 exd5 12. exd5 Qb6 13. a4 Na6 14. Bf4 Nb4 15. Bc4 Rfe8 16. Qb3 Ba6 17. Nb5 Re4 18. Bc7 Qb7 19. d6 Rf8 20. Rfe1 Qa8 21. Ne5 Qe8 22. Nf3 Nc6 23. Rxe4 Nxe4 24. Re1 Kh8 25. Nc3 Bxc4 26. Qxc4 Nd2 27. Rxe8 Nxc4 28. Rxf8+ Bxf8 29. Ne4 Nxb2 30. Nxc5 Nc4 31. Nb7 Kg7 32. a5 Nb4 33. Ng5 f5 34. Kf1 h6 35. Nf3 Kf6 36. Ke2 Ke6 37. Nc5+ Kd5 38. a6 Nc6 39. Nxd7 Bxd6 40. Bxd6 Kxd6 41. Nf8 g5 42. h4 g4 43. Nd2 Nb6 44. Ng6 Nd5 45. Nc4+ Ke6 46. Ne3 Ndb4 47. Nf8+ Ke7 48. Nxf5+ Kxf8 49. Nxh6 g3 50. f4 Nxa6 51. Kf3 Nd4+ 52. Kxg3 Kg7 53. Ng4 Nf5+ 54. Kh3 Nc5 55. Nf2 Ne6 56. Nd3 Kf6 57. g4 Ne3 58. Kg3 Nd4 59. Ne5 Nd5 60. Nd3 Ne3 61. h5 Nd5 62. Kh4 Ne2 63. g5+ Kf5 64. g6 Kf6 65. Kg4 Nd4 66. Ne5 Ne3+ 67. Kg3 Nef5+ 68. Kf2 Kg7 69. Ng4 Ne7 1/2-1/2

[Event "Novosibirsk"]
[Site "?"]
[Date "1993.??.??"]
[Round "?"]
[White "Ruban, V."]
[Black "Beliavsky, A."]
[Result "0-1"]
[WhiteElo "2595"]
[BlackElo "2610"]
[PlyCount "82"]
[EventDate "1993.??.??"]
[Source "ChessBase"]
[SourceDate "1993.06.01"]

1. d4 Nf6 2. c4 c5 3. d5 b5 4. cxb5 a6 5. e3 axb5 6. Bxb5 Qa5+ 7. Nc3 Bb7 8. Nge2 Nxd5 9. O-O Nc7 10. Bc4 Ba6 11. Bxa6 Nbxa6 12. e4 g6 13. Bg5 Bg7 14. f4 c4 15. f5 Nb4 16. Qd2 Be5 17. Kh1 Ra6 18. a3 Nc6 19. f6 h6 20. Bh4 e6 21. Rad1 d6 22. Qc2 Kd7 23. Be1 Rb8 24. Qc1 g5 25. Na2 Qb5 26. Nb4 c3 27. Nxa6 Qxa6 28. Bxc3 Qxe2 29. Rfe1 Qa6 30. Bxe5 Nxe5 31. Qc3 Qb5 32. b4 Ne8 33. Qd4 Nc6 34. Qd2 Qe5 35. Qc2 Nxf6 36. Rc1 Rc8 37. Qa4 Ng4 38. g3 Nf2+ 39. Kg1 Qd4 40. Rf1 Nd3+ 41. Kg2 Qxe4+ 0-1

[Event "Tilburg"]
[Site "?"]
[Date "1992.??.??"]
[Round "?"]
[White "Beliavsky, A."]
[Black "Adams, M."]
[Result "1-0"]
[WhiteElo "2595"]
[BlackElo "2610"]
[PlyCount "77"]
[EventDate "1992.??.??"]
[Source "ChessBase"]
[SourceDate "1992.10.01"]

1. d4 Nf6 2. c4 c5 3. d5 b5 4. cxb5 a6 5. e3 axb5 6. Bxb5 Qa5+ 7. Nc3 Bb7 8. e4 Nxe4 9. Nge2 g6 10. O-O Nd6 11. a4 Bg7 12. Bg5 h6 13. Bf4 O-O 14. Bxd6 exd6 15. f4 f5 16. g4 Kh8 17. gxf5 gxf5 18. Qd3 Na6 19. Rad1 Rf7 20. Kh1 Qb4 21. Bc4 Nc7 22. b3 Re8 23. Rf3 Qa5 24. Rg1 Qa8 25. Rh3 Re6 26. Rg2 Kh7 27. Rhg3 Ree7 28. Rg6 Qf8 29. h4 Kh8 30. h5 Qe8 31. R6g3 Rf8 32. Qf3 Kh7 33. Kg1 Ne6 34. Nb5 Ba8 35. Rg6 Nd4 36. Nexd4 cxd4 37. Nxd6 Qd8 38. Qg3 Rg8 39. Nxf5 1-0

[Event "Muenchen"]
[Site "?"]
[Date "1993.??.??"]
[Round "?"]
[White "Hjartarson, J."]
[Black "Hertneck, G."]
[Result "0-1"]
[WhiteElo "2625"]
[BlackElo "2575"]
[PlyCount "76"]
[EventDate "1993.??.??"]
[Source "ChessBase"]
[SourceDate "1993.02.01"]

1. d4 Nf6 2. c4 c5 3. d5 b5 4. cxb5 a6 5. f3 axb5 6. e4 Qa5+ 7. Bd2 b4 8. Na3 d6 9. Nc4 Qa7 10. a4 Nbd7 11. a5 Ba6 12. Qa4 Rb8 13. Bg5 Kd8 14. Qc2 g6 15. b3 Bg7 16. Ra2 Ne8 17. Nh3 h6 18. Bc1 Bc3+ 19. Bd2 Bd4 20. Bd3 Nc7 21. Nf4 Ne5 22. Nxe5 Bxe5 23. Ne2 Bxd3 24. Qxd3 Rb5 25. f4 Bg7 26. h4 Rxa5 27. Rxa5 Qxa5 28. Kf2 h5 29. Rc1 Qb5 30. Qf3 Kc8 31. f5 Kb7 32. Bg5 gxf5 33. exf5 Be5 34. Rc4 f6 35. Be3 Kc8 36. Rc2 Qd3 37. Ra2 Qxb3 38. Nc1 Qc4 0-1

[Event "56th ch-RUS"]
[Site "Krasnoyarsk"]
[Date "2003.09.12"]
[Round "9"]
[White "Gleizerov, Evgeny"]
[Black "Tregubov, Pavel V"]
[Result "1/2-1/2"]
[WhiteElo "2565"]
[BlackElo "2635"]
[PlyCount "88"]
[EventDate "2003.09.03"]
[Source "Roberto Alvarez"]
[SourceDate "2003.09.15"]

1. d4 Nf6 2. c4 c5 3. d5 b5 4. cxb5 a6 5. b6 e6 6. Nc3 Nxd5 7. Nxd5 exd5 8. Qxd5 Nc6 9. Nf3 Rb8 10. e4 Be7 11. Bc4 O-O 12. Qh5 d6 13. O-O Rxb6 14. b3 Be6 15. Bxe6 fxe6 16. Qg4 Qc8 17. Bb2 Bf6 18. Bxf6 Rxf6 19. Nd2 Qf8 20. Nc4 Rb7 21. f4 Rbf7 22. g3 d5 23. Nd2 Nd4 24. Rae1 c4 25. exd5 exd5 26. bxc4 dxc4 27. Ne4 Rc6 28. Ng5 Re7 29. Qd1 Rd7 30. Re4 h6 31. Ne6 Rxe6 32. Rxe6 Qc5 33. Re8+ Kf7 34. Re3 c3 35. f5 Rd8 36. Kg2 Nc2 37. Qxc2 Qxe3 38. Qb3+ Kf6 39. Rf3 Qe5 40. Qxc3 Qxc3 41. Rxc3 Rd2+ 42. Kf3 Rxa2 43. g4 Rxh2 44. Rc6+ Kf7 1/2-1/2

[Event "Deutschland 71/65"]
[Site "?"]
[Date "1997.??.??"]
[Round "?"]
[White "Giorgadze, Giorgi"]
[Black "Baklan, Vladimir"]
[Result "1/2-1/2"]
[WhiteElo "2625"]
[BlackElo "2570"]
[PlyCount "85"]
[EventDate "1997.??.??"]
[Source "ChessBase"]
[SourceDate "1997.10.01"]

1. d4 Nf6 2. c4 c5 3. d5 b5 4. cxb5 a6 5. b6 d6 6. Nc3 Qxb6 7. Nf3 g6 8. Nd2 Nbd7 9. e4 Bg7 10. Be2 Qd8 11. O-O O-O 12. a4 Rb8 13. Nc4 Nb6 14. Na3 Ne8 15. Be3 Nc7 16. Qd2 Re8 17. Rab1 Bd7 18. b3 Rb7 19. Bg5 Qb8 20. Bh6 Bh8 21. Nc4 Nxc4 22. Bxc4 e6 23. Rbe1 Qd8 24. Re3 e5 25. f4 exf4 26. Bxf4 Bd4 27. Kh1 Qe7 28. Ref3 Rf8 29. Bg5 f6 30. e5 Bxe5 31. Ne4 Bf5 32. Nxc5 Ra7 33. Be3 Raa8 34. Nd3 Be4 35. Nxe5 fxe5 36. Bg5 Qd7 37. Rxf8+ Rxf8 38. Rxf8+ Kxf8 39. Bh6+ Ke8 40. Kg1 Qf7 41. Qb4 Bxd5 42. Qxd6 Bxc4 43. bxc4 1/2-1/2

[Event "Open"]
[Site "?"]
[Date "1998.12.28"]
[Round "8"]
[White "Volkov Sergey"]
[Black "Baklan Vladimir"]
[Result "0-1"]
[WhiteElo "2605"]
[BlackElo "2585"]
[PlyCount "94"]
[EventDate "1998.??.??"]
[Source "www.chesslib.no"]
[SourceDate "2004.05.04"]

1. d4 Nf6 2. c4 c5 3. d5 b5 4. cxb5 a6 5. f3 g6 6. e4 Bg7 7. e5 Ng8 8. f4 d6 9. Nf3 Nd7 10. Nc3 Nh6 11. Be2 O-O 12. O-O Nf5 13. g4 Nd4 14. Nxd4 cxd4 15. Qxd4 dxe5 16. Qf2 axb5 17. Nxb5 exf4 18. Bxf4 Nf6 19. Nc7 Ra4 20. b3 Re4 21. Rad1 g5 22. Bg3 Nxg4 23. Bxg4 Bxg4 24. Rd2 Bh3 25. Rc1 h5 26. Qf3 Rg4 27. Kh1 Qc8 28. Rcc2 Qd7 29. d6 h4 30. Nd5 exd6 31. Rc7 Qe6 32. Re2 Rxg3 33. hxg3 Bg4 34. Ne7+ Qxe7 35. Qxg4 Qxc7 36. gxh4 Qc1+ 37. Kg2 Qf4 38. Qxg5 Qxg5+ 39. hxg5 Kh7 40. Re7 Kg6 41. Rb7 Kxg5 42. a4 Bd4 43. b4 f5 44. a5 Kg4 45. Rc7 f4 46. Rc4 f3+ 47. Kf1 Rh8 0-1

[Event "2nd IECC, Ohrid MKD"]
[Site "?"]
[Date "2001.??.??"]
[Round "4"]
[White "Graf, A."]
[Black "Vaisser, A."]
[Result "1-0"]
[WhiteElo "2645"]
[BlackElo "2540"]
[PlyCount "69"]
[EventDate "2001.??.??"]
[Source "www.chesslib.no"]
[SourceDate "2004.05.04"]

1. d4 Nf6 2. c4 c5 3. d5 b5 4. cxb5 a6 5. e3 g6 6. Nc3 Bg7 7. e4 d6 8. Nf3 O-O 9. a4 Bb7 10. Be2 axb5 11. Bxb5 e6 12. dxe6 fxe6 13. e5 dxe5 14. O-O Nc6 15. Bxc6 Bxc6 16. Nxe5 Bb7 17. Bg5 Qxd1 18. Rfxd1 Nd5 19. Nxd5 Bxd5 20. Nd7 Rf5 21. Be3 Bb3 22. Rd2 c4 23. Nb6 Ra6 24. Rc1 Rf8 25. h3 h5 26. Nd7 Rc8 27. Nc5 Rb6 28. a5 Rb5 29. a6 Ba2 30. Rcd1 Ra5 31. Rd8+ Rxd8 32. Rxd8+ Kh7 33. Rd7 Kg8 34. a7 c3 35. b4 1-0

[Event "6. EICC"]
[Site "?"]
[Date "2005.06.21"]
[Round "4"]
[White "Moiseenko Alexander"]
[Black "Khairullin Ildar"]
[Result "1-0"]
[WhiteElo "2665"]
[BlackElo "2517"]
[PlyCount "47"]
[EventDate "2005.??.??"]
[Source "www.chesslib.no"]
[SourceDate "2004.05.04"]

1. d4 Nf6 2. c4 c5 3. d5 b5 4. cxb5 a6 5. e3 g6 6. Nc3 Bg7 7. e4 d6 8. Nf3 O-O 9. a4 axb5 10. Bxb5 Ba6 11. Bd2 Bxb5 12. axb5 Rxa1 13. Qxa1 Qb6 14. O-O Ne8 15. Bg5 Qb7 16. b6 Nf6 17. Qa7 Qxa7 18. bxa7 Nbd7 19. Ra1 Nb6 20. Ra6 Na8 21. Nd2 Rd8 22. Nc4 Rd7 23. Bxf6 Bxf6 24. Na4 1-0

[Event "Pula"]
[Site "?"]
[Date "1997.??.??"]
[Round "?"]
[White "Lalic, B."]
[Black "Alterman, B."]
[Result "1/2-1/2"]
[WhiteElo "2585"]
[BlackElo "2595"]
[PlyCount "77"]
[EventDate "1997.??.??"]
[Source "ChessBase"]
[SourceDate "1997.02.01"]

1. d4 Nf6 2. c4 c5 3. d5 b5 4. cxb5 a6 5. f3 e6 6. e4 exd5 7. e5 Qe7 8. Qe2 Ng8 9. Nc3 Bb7 10. Nh3 c4 11. Be3 axb5 12. O-O-O Qb4 13. Nf4 Ne7 14. Qf2 Na6 15. Kb1 Nf5 16. Nfxd5 Bxd5 17. Nxd5 Nxe3 18. Qxe3 Qc5 19. Qxc5 Bxc5 20. Nc3 Nc7 21. a4 bxa4 22. Bxc4 a3 23. Bxf7+ Ke7 24. b3 a2+ 25. Nxa2 Nb5 26. Rd5 Bd4 27. Rxb5 Rxa2 28. Kxa2 Ra8+ 29. Kb1 Ra1+ 30. Kc2 Rxh1 31. Rd5 Ba1 32. Bh5 Ke6 33. Rd1 Rxd1 34. Kxd1 Bxe5 35. g3 Bd4 36. Ke2 Bc5 37. f4 Kd5 38. Bf7+ Ke4 39. h4 1/2-1/2

[Event "Monarch Assurance"]
[Site "Port Erin"]
[Date "2004.10.01"]
[Round "7"]
[White "Volkov, Sergey1"]
[Black "Ghaem Maghami, Ehsan"]
[Result "1/2-1/2"]
[WhiteElo "2625"]
[BlackElo "2552"]
[PlyCount "50"]
[EventDate "2004.09.25"]
[Source "Roberto Alvarez"]
[SourceDate "2004.10.05"]

1. d4 Nf6 2. c4 c5 3. d5 b5 4. cxb5 a6 5. f3 axb5 6. e4 Qa5+ 7. Bd2 b4 8. Na3 d6 9. Nc4 Qd8 10. Bd3 e6 11. dxe6 Bxe6 12. Ne2 d5 13. exd5 Nxd5 14. O-O Be7 15. Qc2 Nd7 16. Rfd1 Qb8 17. g3 Rxa2 18. Rxa2 b3 19. Qb1 bxa2 20. Qxa2 O-O 21. Qb1 h6 22. b3 N7b6 23. Qc1 Rd8 24. Ba5 Nb4 25. Nf4 Bg5 1/2-1/2

[Event "Kalamaria Open"]
[Site "Thessaloniki GRE"]
[Date "2007.08.28"]
[Round "5"]
[White "Gelashvili, T."]
[Black "Stocek, J."]
[Result "1-0"]
[WhiteElo "2604"]
[BlackElo "2572"]
[PlyCount "95"]
[EventDate "2007.08.25"]
[Source "www.chesslib.no"]
[SourceDate "2004.05.04"]

1. d4 Nf6 2. c4 c5 3. d5 b5 4. cxb5 a6 5. f3 e6 6. e4 exd5 7. exd5 Qb6 8. Nc3 Be7 9. a4 axb5 10. Bxb5 O-O 11. Nge2 c4 12. Qd4 Bc5 13. Qxc4 Na6 14. Bg5 Re8 15. a5 Qd6 16. Bf4 Qf8 17. d6 Bxd6 18. Bxd6 Qxd6 19. O-O Nc7 20. Nd4 Bb7 21. Nf5 Qe5 22. Rfe1 Qxf5 23. Qxc7 Rxe1+ 24. Rxe1 Bc6 25. Qb6 h5 26. Bxc6 dxc6 27. a6 Qc8 28. Ra1 Nd7 29. Qd4 Qc7 30. Ne4 Ra7 31. Nd6 c5 32. Qd3 c4 33. Qd4 Qc5 34. Qxc5 Nxc5 35. Nxc4 Rxa6 36. Rxa6 Nxa6 37. Kf2 Kf8 38. Ke3 Ke7 39. Kd4 Ke6 40. Ne3 g5 41. Nd5 Nb8 42. b4 Nc6+ 43. Kc5 Ne5 44. b5 Nd7+ 45. Kd4 Kd6 46. Ne3 h4 47. Nc4+ Kc7 48. Ne5 1-0

[Event "Chicago op"]
[Site "?"]
[Date "1997.??.??"]
[Round "7"]
[White "Oll Lembit"]
[Black "Sagalchik Gennadij"]
[Result "1-0"]
[WhiteElo "2625"]
[BlackElo "2550"]
[PlyCount "97"]
[EventDate "1997.??.??"]
[Source "www.chesslib.no"]
[SourceDate "2004.05.04"]

1. d4 Nf6 2. c4 c5 3. d5 b5 4. cxb5 a6 5. b6 d6 6. Nc3 Nbd7 7. a4 a5 8. e4 g6 9. Nf3 Bg7 10. Bb5 O-O 11. O-O Ba6 12. b7 Bxb7 13. Re1 Ba6 14. Bg5 Bxb5 15. Nxb5 h6 16. Bd2 Ne8 17. Qc1 Kh7 18. Bc3 Nc7 19. Bxg7 Kxg7 20. Qc3+ Nf6 21. Nxc7 Qxc7 22. Nd4 Kh7 23. Nb5 Qd7 24. b3 Ne8 25. Na3 Qb7 26. Nc4 Qb4 27. Qxb4 axb4 28. e5 Ra7 29. Re3 dxe5 30. Nxe5 Nf6 31. Nc6 Rd7 32. Rxe7 Rxd5 33. a5 Nd7 34. a6 Kg7 35. a7 Ra8 36. f4 Rd6 37. Ne5 Nxe5 38. fxe5 Re6 39. Rb7 Kf8 40. Kf2 Rxe5 41. Re1 Rf5+ 42. Kg1 Kg7 43. Ree7 Rd8 44. h3 c4 45. Rb8 Rd1+ 46. Kh2 Ra5 47. a8=Q Rxa8 48. Rxa8 cxb3 49. Re2 1-0

[Event "Brno"]
[Site "?"]
[Date "1993.??.??"]
[Round "?"]
[White "Chernin, A."]
[Black "Leko, P."]
[Result "1/2-1/2"]
[WhiteElo "2615"]
[BlackElo "2555"]
[PlyCount "122"]
[EventDate "1993.??.??"]
[Source "ChessBase"]
[SourceDate "1993.06.01"]

1. d4 Nf6 2. c4 c5 3. d5 b5 4. cxb5 a6 5. f3 axb5 6. e4 Qa5+ 7. Bd2 b4 8. Na3 d6 9. Nc4 Qa7 10. Bd3 g6 11. Ne2 Bg7 12. O-O Nfd7 13. a3 Ne5 14. Nxe5 c4+ 15. Kh1 Bxe5 16. Bxc4 Bxb2 17. Bb5+ Nd7 18. Bc6 Rb8 19. a4 Bxa1 20. Qxa1 f6 21. Nd4 O-O 22. Bb5 Ba6 23. Nc6 Qb7 24. Nxe7+ Kf7 25. Nc6 Bxb5 26. axb5 Ra8 27. Qb1 Qxb5 28. Bxb4 Nc5 29. h3 Ra4 30. Bxc5 Qxc5 31. Qb7+ Kg8 32. Qd7 Raa8 33. Ne7+ Kh8 34. Nc6 f5 35. exf5 Rxf5 36. Re1 Raf8 37. Re7 Qc1+ 38. Kh2 Qf4+ 39. Kh1 R5f7 40. Rxf7 Rxf7 41. Qe8+ Rf8 42. Qe2 h5 43. Qb2+ Kh7 44. Nd4 Qf6 45. Qd2 Rb8 46. f4 Rb1+ 47. Kh2 h4 48. Nf3 Kg8 49. Ng1 Kf8 50. Nf3 Kg8 51. Ng1 Ra1 52. Qb4 Rd1 53. Nf3 Kg7 54. Qe4 Kh6 55. Qc4 Rb1 56. Qe4 Rb8 57. Ng5 Rb2 58. Nf3 Ra2 59. Nd4 Rd2 60. Nf3 Rd1 61. Qc4 Ra1 1/2-1/2

[Event "RUS Ch"]
[Site "Elista RUS"]
[Date "1995.??.??"]
[Round "11"]
[White "Dreev, Alexey S"]
[Black "Fominyh, Alexander"]
[Result "1/2-1/2"]
[WhiteElo "2650"]
[BlackElo "2520"]
[PlyCount "27"]
[EventDate "1995.10.??"]
[Source "www.chesslib.no"]
[SourceDate "2004.05.04"]

1. d4 Nf6 2. c4 c5 3. d5 b5 4. cxb5 a6 5. b6 e6 6. Nc3 Nxd5 7. Nxd5 exd5 8. Qxd5 Nc6 9. Nf3 Rb8 10. Bd2 Qxb6 11. Ne5 Nxe5 12. Qxe5+ Be7 13. Bc3 f6 14. Qh5+ 1/2-1/2

[Event "2nd IECC, Ohrid MKD"]
[Site "?"]
[Date "2001.??.??"]
[Round "3"]
[White "Jobava, Ba"]
[Black "Tregubov, P."]
[Result "1-0"]
[WhiteElo "2540"]
[BlackElo "2625"]
[PlyCount "103"]
[EventDate "2001.??.??"]
[Source "www.chesslib.no"]
[SourceDate "2004.05.04"]

1. d4 Nf6 2. c4 c5 3. d5 b5 4. cxb5 a6 5. b6 e6 6. Nc3 Nxd5 7. Nxd5 exd5 8. Qxd5 Nc6 9. Nf3 Rb8 10. e4 Be7 11. Bc4 O-O 12. O-O Rxb6 13. b3 d6 14. Bf4 Be6 15. Qd3 Bxc4 16. Qxc4 Bf6 17. Rad1 Nd4 18. Nd2 Bg5 19. Bxg5 Qxg5 20. Rfe1 h6 21. Qd5 Qxd5 22. exd5 a5 23. Re7 a4 24. Nc4 Rb4 25. Nxd6 axb3 26. axb3 Nxb3 27. Kf1 Rbb8 28. Rc7 Na5 29. Nf5 g6 30. Ne7+ Kg7 31. d6 Rfe8 32. Rxc5 Ra8 33. Rxa5 Rxa5 34. d7 Rd8 35. Nc6 Raa8 36. Ke2 Kf6 37. Rd6+ Kg7 38. Nxd8 Rxd8 39. Ke3 Kf8 40. Ke4 Ke7 41. Ke5 Rxd7 42. Rxd7+ Kxd7 43. Kf6 Ke8 44. Kg7 h5 45. Kf6 Kf8 46. h4 Kg8 47. f4 Kf8 48. f5 gxf5 49. Kxf5 Ke7 50. Kg5 Ke6 51. Kxh5 Kf5 52. g3 1-0

[Event "Munich Open 9293"]
[Site "Munich GER"]
[Date "1993.??.??"]
[Round "7"]
[White "Chernin, Alexander M"]
[Black "Hodgson, Julian M"]
[Result "1/2-1/2"]
[WhiteElo "2600"]
[BlackElo "2565"]
[PlyCount "37"]
[EventDate "1993.??.??"]
[Source "www.chesslib.no"]
[SourceDate "2004.05.04"]

1. d4 Nf6 2. c4 c5 3. d5 b5 4. cxb5 a6 5. f3 axb5 6. e4 Qa5+ 7. Bd2 b4 8. Na3 d6 9. Nc4 Qc7 10. a3 bxa3 11. Nxa3 Qb7 12. Nb5 Rxa1 13. Qxa1 g6 14. Qa5 Bg7 15. Nc7+ Kf8 16. Bc3 h6 17. Bc4 Kg8 18. Ne2 Kh7 19. O-O 1/2-1/2

[Event "Russian Club Cup"]
[Site "Maikop"]
[Date "1998.06.10"]
[Round "8"]
[White "Dreev, Alexey"]
[Black "Fominyh, Alexander"]
[Result "1-0"]
[WhiteElo "2630"]
[BlackElo "2530"]
[PlyCount "65"]
[EventDate "1998.06.03"]
[Source "ChessBase"]
[SourceDate "1998.09.30"]

1. d4 Nf6 2. c4 c5 3. d5 b5 4. cxb5 a6 5. b6 e6 6. Nc3 Nxd5 7. Nxd5 exd5 8. Qxd5 Nc6 9. Nf3 Rb8 10. Bd2 Be7 11. Bc3 O-O 12. e4 Qxb6 13. Bc4 Nb4 14. Qd2 Qg6 15. O-O d6 16. a3 Nc6 17. Qf4 Na7 18. a4 Nc6 19. Rad1 Be6 20. Bxa6 f5 21. Nh4 Qg4 22. Qxg4 fxg4 23. Nf5 Bxf5 24. Bc4+ Kh8 25. exf5 Rxf5 26. Rfe1 Ne5 27. Bd5 Bh4 28. Re2 Rbf8 29. Be1 c4 30. Be4 Rg5 31. g3 Nf3+ 32. Bxf3 gxf3 33. Re4 1-0

[Event "Strumica"]
[Site "Strumica"]
[Date "1995.??.??"]
[Round "7"]
[White "Rashkovsky, Nukhim N"]
[Black "Azmaiparashvili, Zurab A"]
[Result "0-1"]
[WhiteElo "2550"]
[BlackElo "2610"]
[PlyCount "60"]
[EventDate "1995.??.??"]
[Source "www.chesslib.no"]
[SourceDate "2004.05.04"]

1. d4 Nf6 2. c4 c5 3. d5 b5 4. cxb5 a6 5. f3 e6 6. e4 exd5 7. Bg5 d4 8. e5 Qe7 9. Qe2 d3 10. Qe3 Nd5 11. Bxe7 Nxe3 12. Bxf8 Nc2+ 13. Kd2 Rxf8 14. Bxd3 Nxa1 15. Be4 d5 16. exd6 Ra7 17. Bc6+ Nxc6 18. bxc6 f5 19. Nh3 Rf6 20. d7+ Bxd7 21. cxd7+ Rxd7+ 22. Kc1 Rfd6 23. Nf2 c4 24. Rd1 Rg6 25. Rg1 Re7 26. Nc3 Kf7 27. Kb1 Re3 28. f4 Rf3 29. Ncd1 Nb3 30. axb3 cxb3 0-1

[Event "Lloyds Bank Open"]
[Site "London ENG"]
[Date "1994.??.??"]
[Round "7"]
[White "Adianto, Utut"]
[Black "Yermolinsky, Alex"]
[Result "1-0"]
[WhiteElo "2535"]
[BlackElo "2620"]
[PlyCount "97"]
[EventDate "1994.08.??"]
[Source "www.chesslib.no"]
[SourceDate "2004.05.04"]

1. d4 Nf6 2. c4 c5 3. d5 b5 4. cxb5 a6 5. f3 g6 6. e4 d6 7. Nc3 Bg7 8. a4 O-O 9. Ra3 Ne8 10. h4 h5 11. Nh3 axb5 12. Bxb5 Nd7 13. Ng5 Nc7 14. Be2 Ba6 15. g4 Nf6 16. gxh5 Nxh5 17. f4 Bxc3+ 18. Rxc3 Bxe2 19. Qxe2 Rxa4 20. f5 Qa8 21. O-O Ne8 22. fxg6 fxg6 23. Rxf8+ Kxf8 24. Qg4 Neg7 25. Rf3+ Kg8 26. Ne6 Ra1 27. Rf1 Qe8 28. Kg2 Nf6 29. Nxg7 Kxg7 30. Qe6 Ra8 31. Bg5 Qf7 32. Bxf6+ exf6 33. Qxd6 Re8 34. e5 f5 35. Rf2 Re7 36. e6 Qf6 37. Qg3 Qd4 38. Qc3 Kf6 39. Rd2 Qxc3 40. bxc3 Rh7 41. Kg3 c4 42. Re2 Re7 43. Kf4 Re8 44. e7 Rxe7 45. Rxe7 Kxe7 46. Ke5 Kd7 47. Kd4 Kd6 48. Kxc4 Ke5 49. Kc5 1-0

[Event "Pardubice"]
[Site "Pardubice CZE"]
[Date "1993.??.??"]
[Round "8"]
[White "Greenfeld, Alon"]
[Black "Hodgson, Julian M"]
[Result "1/2-1/2"]
[WhiteElo "2590"]
[BlackElo "2565"]
[PlyCount "35"]
[EventDate "1993.??.??"]
[Source "www.chesslib.no"]
[SourceDate "2004.05.04"]

1. d4 Nf6 2. c4 c5 3. d5 b5 4. cxb5 a6 5. f3 axb5 6. e4 Qa5+ 7. Bd2 b4 8. Na3 d6 9. Nc4 Qa7 10. a3 g6 11. Bd3 Bg7 12. Ne2 O-O 13. O-O bxa3 14. Rxa3 Qb7 15. Bc3 Rxa3 16. bxa3 Qa7 17. Kh1 Ba6 18. Qa4 1/2-1/2

[Event "Polanica Zdroj"]
[Site "?"]
[Date "1992.??.??"]
[Round "?"]
[White "Chernin, A."]
[Black "Mainka, R."]
[Result "1-0"]
[WhiteElo "2600"]
[BlackElo "2550"]
[PlyCount "79"]
[EventDate "1992.??.??"]
[Source "ChessBase"]
[SourceDate "1992.06.01"]

1. d4 Nf6 2. c4 c5 3. d5 b5 4. cxb5 a6 5. f3 Qa5+ 6. Bd2 Qxb5 7. Na3 Qb7 8. e4 e6 9. Bc3 d6 10. Qa4+ Nbd7 11. dxe6 fxe6 12. Nh3 d5 13. Ng5 d4 14. Bd2 Ke7 15. Nc4 h6 16. Nh3 Kf7 17. Bd3 Qb8 18. O-O Nb6 19. Qc2 Nxc4 20. Bxc4 Nd7 21. f4 Nb6 22. f5 Nxc4 23. fxe6+ Kg8 24. Qxc4 Be7 25. Rf7 Qxb2 26. Rd1 Ra7 27. Nf4 Qb5 28. Qd5 c4 29. Ng6 Qxd5 30. exd5 Bc5 31. Nxh8 Kxh8 32. Rxa7 Bxa7 33. Kf1 Kh7 34. Be1 c3 35. Ke2 Kg6 36. Kd3 Kf5 37. Bxc3 dxc3 38. Rf1+ Ke5 39. Rf8 Bxe6 40. dxe6 1-0

[Event "Chess Classic 2009"]
[Site "Queenstown NZL"]
[Date "2009.01.22"]
[Round "8.2"]
[White "Mikhalevski, Victor"]
[Black "Jones, Gawain"]
[Result "1-0"]
[WhiteElo "2608"]
[BlackElo "2540"]
[PlyCount "29"]
[EventDate "2009.01.15"]
[Source "www.chesslib.no"]
[SourceDate "2004.05.04"]

1. d4 Nf6 2. c4 c5 3. d5 b5 4. cxb5 a6 5. b6 a5 6. Nc3 Ba6 7. f4 d6 8. Nf3 Qxb6 9. e4 Bxf1 10. Rxf1 Qb4 11. a3 Qc4 12. Nd2 Qd4 13. Qe2 c4 14. Nxc4 Qa7 15. e5 1-0

[Event "It (Open) Cappelle La Grande FRA"]
[Site "?"]
[Date "2006.02.19"]
[Round "2"]
[White "Moiseenko Alexander"]
[Black "Kasparov Sergey"]
[Result "1-0"]
[WhiteElo "2657"]
[BlackElo "2491"]
[PlyCount "65"]
[EventDate "2006.??.??"]
[Source "www.chesslib.no"]
[SourceDate "2004.05.04"]

1. d4 c5 2. d5 Nf6 3. c4 b5 4. cxb5 a6 5. e3 g6 6. Nc3 d6 7. Nf3 Bg7 8. e4 O-O 9. a4 Nbd7 10. Bd2 Bb7 11. bxa6 Bxa6 12. Bxa6 Rxa6 13. O-O Ng4 14. b3 Qa8 15. Rc1 Qb7 16. Nb5 Nge5 17. Nxe5 Bxe5 18. Qe2 e6 19. dxe6 fxe6 20. Nc7 Ra7 21. Nb5 Raa8 22. f4 Bg7 23. Bc3 Rad8 24. Bxg7 Kxg7 25. Qb2+ Nf6 26. e5 dxe5 27. Rxc5 Qb6 28. Qxe5 Rf7 29. a5 Qb7 30. Nd6 Qa7 31. b4 Rxd6 32. Qxd6 Nd7 33. Qxe6 1-0

[Event "Stockholm"]
[Site "Stockholm"]
[Date "1990.??.??"]
[Round "?"]
[White "Shirov, Alexei"]
[Black "Benjamin, Joel"]
[Result "1/2-1/2"]
[WhiteElo "2580"]
[BlackElo "2560"]
[PlyCount "81"]
[EventDate "1990.??.??"]
[Source "ChessBase"]

1. d4 Nf6 2. c4 c5 3. d5 b5 4. cxb5 a6 5. b6 Qxb6 6. Nc3 g6 7. a4 Bg7 8. a5 Qc7 9. e4 O-O 10. Bc4 d6 11. Nge2 e5 12. f3 Qe7 13. Bg5 h6 14. Bh4 Qe8 15. O-O Nh5 16. Qd2 Nd7 17. b4 cxb4 18. Na4 Rb8 19. Rab1 f5 20. exf5 gxf5 21. Rxb4 Rxb4 22. Qxb4 e4 23. f4 Bf6 24. Bxf6 Ndxf6 25. Nb6 Qe7 26. Nd4 Ng4 27. Qc3 Qh4 28. h3 Ng3 29. hxg4 fxg4 30. Qe3 Qh1+ 31. Kf2 Qh4 32. Ke1 Nf5+ 33. g3 Nxg3 34. Kd2 Nxf1+ 35. Bxf1 Qh1 36. Be2 Qa1 37. Qxe4 Qxa5+ 38. Ke3 Qxb6 39. Qg6+ Kh8 40. Qxh6+ Kg8 41. Qg6+ 1/2-1/2